00316nam a2200121 450000500170000002000180001708200190003508400250005410000190007924500500009826000360014830000100018420260515143422.0 a9788197251542 a305.488bASH.D 2Colon Classification aAshok Kumar, Y aDalit Women and Globalisation in 21st Century aJaipur:bABD Publishers;c2025. a272p.